000 00374cam a2200145ua 4500
003 OSt
008 250415b |||||||| |||| 00| 0 eng d
082 _a624.15136
_bSIN/TE
100 _aSingh , R P .
_91481
245 _aText book Soil mechanics and production /
250 _a2 /
260 _aIndia :
_bSinghal Publications ,
_c1969.
300 _a ; .
942 _cBK
999 _c3323
_d3323